<?xml version="1.0" encoding="UTF-8"?>
<record
    xmlns:xsi="http://www.w3.org/2001/XMLSchema-instance"
    xsi:schemaLocation="http://www.loc.gov/MARC21/slim http://www.loc.gov/standards/marcxml/schema/MARC21slim.xsd"
    xmlns="http://www.loc.gov/MARC21/slim">

  <leader>03640njm a2200565Ia 4500</leader>
  <controlfield tag="001">25575</controlfield>
  <controlfield tag="003">IT-RoPAU</controlfield>
  <controlfield tag="005">20220918181125.0</controlfield>
  <controlfield tag="008">131025s9999    xx            000 0 und d</controlfield>
  <datafield tag="040" ind1=" " ind2=" ">
    <subfield code="a">IT-RoPAU</subfield>
  </datafield>
  <datafield tag="040" ind1=" " ind2=" ">
    <subfield code="c">IT-RoPAU</subfield>
  </datafield>
  <datafield tag="041" ind1=" " ind2=" ">
    <subfield code="a">ITALIANO</subfield>
  </datafield>
  <datafield tag="999" ind1=" " ind2=" ">
    <subfield code="c">100082</subfield>
    <subfield code="d">100082</subfield>
  </datafield>
  <datafield tag="999" ind1=" " ind2=" ">
    <subfield code="b">n.d.</subfield>
  </datafield>
  <datafield tag="100" ind1=" " ind2=" ">
    <subfield code="a">AA.VV.</subfield>
    <subfield code="9">794</subfield>
  </datafield>
  <datafield tag="100" ind1=" " ind2=" ">
    <subfield code="e">Autore musica</subfield>
    <subfield code="9">12019</subfield>
  </datafield>
  <datafield tag="100" ind1=" " ind2=" ">
    <subfield code="g">Codice autore musica SPICS: 12000</subfield>
    <subfield code="9">796</subfield>
  </datafield>
  <datafield tag="245" ind1=" " ind2=" ">
    <subfield code="a">Rosanna Fratello</subfield>
  </datafield>
  <datafield tag="250" ind1=" " ind2=" ">
    <subfield code="a">1a ed.</subfield>
  </datafield>
  <datafield tag="260" ind1=" " ind2=" ">
    <subfield code="a">MILANO</subfield>
  </datafield>
  <datafield tag="260" ind1=" " ind2=" ">
    <subfield code="b">OXFORD RECORD</subfield>
    <subfield code="c">1976 [1a Ed.:1976 - Ed. Lingua Orig.: 1976]</subfield>
  </datafield>
  <datafield tag="300" ind1=" " ind2=" ">
    <subfield code="a">DISCO</subfield>
  </datafield>
  <datafield tag="300" ind1=" " ind2=" ">
    <subfield code="c">37 minuti (Testo:  pag.)</subfield>
  </datafield>
  <datafield tag="500" ind1=" " ind2=" ">
    <subfield code="a">Canzone italiana</subfield>
  </datafield>
  <datafield tag="505" ind1=" " ind2=" ">
    <subfield code="a">Non sono Maddalena (4:00) - Tornerai (3:00) - Piango d'amore (3:00) - La vita &#xE8; rosa [(La vie en rose) (3:00)] - Io non so dirti di no (3:00) - Il treno (5:00) - Il mio sguardo &#xE8; uno specchio (3:00) - Il nostro concerto (3:00) - Ciao anni verdi(4:00) - Fascination (3:00) - Una rosa e una candela (3:00) - Avventura a Casablanca (4:00)</subfield>
  </datafield>
  <datafield tag="650" ind1=" " ind2=" ">
    <subfield code="a">CANZONE ITALIAN [DISCHI]</subfield>
    <subfield code="e">Codice MATERIA SPICS: 9950</subfield>
    <subfield code="9">12020</subfield>
  </datafield>
  <datafield tag="700" ind1=" " ind2=" ">
    <subfield code="a">Fratello Rosanna</subfield>
    <subfield code="g">Codice interprete SPICS: 11597</subfield>
    <subfield code="e">Interprete</subfield>
    <subfield code="9">12021</subfield>
  </datafield>
  <datafield tag="700" ind1=" " ind2=" ">
    <subfield code="a">Pallavicini Vito</subfield>
    <subfield code="g">Codice autore musica SPICS: 13656</subfield>
    <subfield code="e">Autore musica</subfield>
    <subfield code="p">Non sono Maddalena - Il treno - Ciao anni verdi</subfield>
    <subfield code="9">12022</subfield>
  </datafield>
  <datafield tag="700" ind1=" " ind2=" ">
    <subfield code="a">Conte Paolo</subfield>
    <subfield code="g">Codice autore SPICS: 7844</subfield>
    <subfield code="e">Autore</subfield>
    <subfield code="p">Non sono Maddalena</subfield>
    <subfield code="9">12023</subfield>
  </datafield>
  <datafield tag="700" ind1=" " ind2=" ">
    <subfield code="a">Olivieri Dino</subfield>
    <subfield code="g">Codice autore musica SPICS: 13481</subfield>
    <subfield code="e">Autore musica</subfield>
    <subfield code="p">Tornerai</subfield>
    <subfield code="9">12024</subfield>
  </datafield>
  <datafield tag="700" ind1=" " ind2=" ">
    <subfield code="a">Rastelli Nino</subfield>
    <subfield code="g">Codice autore testo/musica SPICS: 13482</subfield>
    <subfield code="e">Autore testo/musica</subfield>
    <subfield code="p">Tornerai</subfield>
    <subfield code="9">12025</subfield>
  </datafield>
  <datafield tag="700" ind1=" " ind2=" ">
    <subfield code="a">Lombardi Gianfranco</subfield>
    <subfield code="g">Codice autore musica SPICS: 15823</subfield>
    <subfield code="e">Autore musica</subfield>
    <subfield code="p">Piango d'amore</subfield>
    <subfield code="9">12026</subfield>
  </datafield>
  <datafield tag="700" ind1=" " ind2=" ">
    <subfield code="a">Balducci A.</subfield>
    <subfield code="g">Codice autore testo/musica SPICS: 15822</subfield>
    <subfield code="e">Autore tetso/musica</subfield>
    <subfield code="p">Piango d'amore</subfield>
    <subfield code="9">12027</subfield>
  </datafield>
  <datafield tag="700" ind1=" " ind2=" ">
    <subfield code="a">Piaf Edith</subfield>
    <subfield code="g">Codice autore musica SPICS: 11566</subfield>
    <subfield code="e">Autore musica</subfield>
    <subfield code="p">La vita &#xE8; rosa</subfield>
    <subfield code="9">12028</subfield>
  </datafield>
  <datafield tag="700" ind1=" " ind2=" ">
    <subfield code="a">Leonardi Piero</subfield>
    <subfield code="g">Codice autore SPICS: 13646</subfield>
    <subfield code="e">Autore</subfield>
    <subfield code="p">La vita &#xE8; rosa</subfield>
    <subfield code="9">12029</subfield>
  </datafield>
  <datafield tag="700" ind1=" " ind2=" ">
    <subfield code="a">Louigny</subfield>
    <subfield code="g">Codice autore testo/musica SPICS: 14414</subfield>
    <subfield code="e">Autore testo/musica</subfield>
    <subfield code="p">La vita &#xE8; rosa</subfield>
    <subfield code="9">12030</subfield>
  </datafield>
  <datafield tag="700" ind1=" " ind2=" ">
    <subfield code="a">Conti C.</subfield>
    <subfield code="g">Codice autore musica SPICS: 15827</subfield>
    <subfield code="e">Autore musica</subfield>
    <subfield code="p">Io non so dirti di no - Una rosa e una candela</subfield>
    <subfield code="9">12031</subfield>
  </datafield>
  <datafield tag="700" ind1=" " ind2=" ">
    <subfield code="a">Argento G.</subfield>
    <subfield code="g">Codice autore testo/musica SPICS: 15824</subfield>
    <subfield code="e">Autore testo/musica</subfield>
    <subfield code="p">Io non so dirti di no - Una rosa e una candela</subfield>
    <subfield code="9">12032</subfield>
  </datafield>
  <datafield tag="700" ind1=" " ind2=" ">
    <subfield code="a">Isola E.</subfield>
    <subfield code="g">Codice autore testo/musica SPICS: 15825</subfield>
    <subfield code="e">Autore testo/musica</subfield>
    <subfield code="p">Il treno</subfield>
    <subfield code="9">12033</subfield>
  </datafield>
  <datafield tag="700" ind1=" " ind2=" ">
    <subfield code="a">Rustichelli Carlo</subfield>
    <subfield code="g">Codice autore musica SPICS: 1758</subfield>
    <subfield code="e">Autore musica</subfield>
    <subfield code="p">Il mio sguardo &#xE8; uno specchio</subfield>
    <subfield code="9">12034</subfield>
  </datafield>
  <datafield tag="700" ind1=" " ind2=" ">
    <subfield code="a">Germi Pietro</subfield>
    <subfield code="g">Codice autore testo/musica SPICS: 6161</subfield>
    <subfield code="e">Autore musica</subfield>
    <subfield code="p">Il mio sguardo &#xE8; uno specchio</subfield>
    <subfield code="9">12035</subfield>
  </datafield>
  <datafield tag="700" ind1=" " ind2=" ">
    <subfield code="a">Calabrese Giorgio</subfield>
    <subfield code="g">Codice autore musica SPICS: 1368</subfield>
    <subfield code="e">Autore musica</subfield>
    <subfield code="p">Il nostro concerto</subfield>
    <subfield code="9">12036</subfield>
  </datafield>
  <datafield tag="700" ind1=" " ind2=" ">
    <subfield code="a">Bindi Umberto</subfield>
    <subfield code="g">Codice autore testo/musica SPICS: 13681</subfield>
    <subfield code="e">Autore testo/musica</subfield>
    <subfield code="p">Il nostro concerto</subfield>
    <subfield code="9">12037</subfield>
  </datafield>
  <datafield tag="700" ind1=" " ind2=" ">
    <subfield code="a">Celentano Adriano</subfield>
    <subfield code="g">Codice autore musica SPICS: 10821</subfield>
    <subfield code="e">Autore musica</subfield>
    <subfield code="p">Ciao anni verdi</subfield>
    <subfield code="9">12038</subfield>
  </datafield>
  <datafield tag="700" ind1=" " ind2=" ">
    <subfield code="a">De Luca N.</subfield>
    <subfield code="g">Codice autore SPICS: 22924</subfield>
    <subfield code="e">Autore musica</subfield>
    <subfield code="p">Ciao anni verdi</subfield>
    <subfield code="9">12039</subfield>
  </datafield>
  <datafield tag="700" ind1=" " ind2=" ">
    <subfield code="a">Larici (Gili Mario)</subfield>
    <subfield code="g">Codice autore musica SPICS: 13548</subfield>
    <subfield code="e">Autore musica</subfield>
    <subfield code="p">Fascination</subfield>
    <subfield code="9">12040</subfield>
  </datafield>
  <datafield tag="700" ind1=" " ind2=" ">
    <subfield code="a">Morley J.</subfield>
    <subfield code="g">Codice autore SPICS: 15826</subfield>
    <subfield code="e">Autore</subfield>
    <subfield code="p">Fascination</subfield>
    <subfield code="9">12041</subfield>
  </datafield>
  <datafield tag="700" ind1=" " ind2=" ">
    <subfield code="a">Rossi Carlo Alberto (Cicero)</subfield>
    <subfield code="g">Codice autore musica SPICS: 13130</subfield>
    <subfield code="e">Autore musica</subfield>
    <subfield code="p">Avventura a Casablanca</subfield>
    <subfield code="9">12042</subfield>
  </datafield>
  <datafield tag="700" ind1=" " ind2=" ">
    <subfield code="a">Nisa (Salerno Nicola)</subfield>
    <subfield code="g">Codice autore testo/musica SPICS: 13452</subfield>
    <subfield code="e">Autore testo/musica</subfield>
    <subfield code="p">Avventura a Casablanca</subfield>
    <subfield code="9">12043</subfield>
  </datafield>
  <datafield tag="942" ind1=" " ind2=" ">
    <subfield code="c">MD</subfield>
    <subfield code="2">ddc</subfield>
  </datafield>
  <datafield tag="952" ind1=" " ind2=" ">
    <subfield code="0">0</subfield>
    <subfield code="1">0</subfield>
    <subfield code="4">0</subfield>
    <subfield code="6">25575_000000000000000</subfield>
    <subfield code="7">1</subfield>
    <subfield code="a">SPICS</subfield>
    <subfield code="b">SPICS</subfield>
    <subfield code="d">2013-10-25</subfield>
    <subfield code="l">0</subfield>
    <subfield code="o">25575</subfield>
    <subfield code="r">2013-10-25 00:00:00</subfield>
    <subfield code="w">2013-10-25</subfield>
    <subfield code="y">MD</subfield>
    <subfield code="z">Progr. Ins.: 5449 / N.Vol.: 1 / Copie: 1 - Copia rara: n.d. / date import: 01.01.2014 - By Epidotti, Trombetti, Vaglietti</subfield>
  </datafield>
</record>
